• 首页
  • 本馆介绍
  • 公告通知
  • 最新文献
  • 馆藏检索
  • 电子资源
  • 读者导购
  • 参考咨询
  • 我的图书馆
  • 登录
  • 详细信息显示
  • 放入我的书架
  • 预约/预借图书
  • 作者相关作品
  • 分类相关作品
  • 丛书相关作品
  • 出版社相关作品

书目信息

  • 表格格式
  • 工作单格式
  • 卡片格式
题名:
医疗事故争议与法律处理
    
 
作者: 赵敏 , 邓虹 主编
分册:  
出版信息: 武汉   武汉大学出版社  2007
页数: 378页
开本: 23cm
丛书名:
单 册:
中图分类: D922.164 , D925.104
科图分类:
主题词: 医疗事故--认定--中国 , 医疗事故--民事纠纷--处理--中国 , 医疗事故 , 民事纠纷
电子资源:
ISBN: 978-7-307-05348-9
000 01083nam0 2200277 450
001 1254167843
005 20121003150316.75
010    @a978-7-307-05348-9@dCNY27.00
100    @a20070226d2007 em y0chiy50 ea
101 0  @achi@eeng
102    @aCN@b420000
105    @ay z 000yy
200 1  @a医疗事故争议与法律处理@Ayi liao shi gu zheng yi yu fa lv chu li@f赵敏,邓虹主编
210    @a武汉@c武汉大学出版社@d2007
215    @a378页@d23cm
330    @a全书系统论述了医疗事故争议的概念及基本理论,医疗事故争议的成因及法律处理历史沿革,医疗法律关系,医患双方的权利与义务,医疗事故争议的民事责任、赔偿制度、法律处理、民事诉讼、行政及刑事责任,医疗事故争议处理的技术鉴定制度、证据制度,以及医疗事故争议的防范、典型案例评析等方面的内容。
606 0  @a医疗事故@x认定@y中国
606 0  @a医疗事故@x民事纠纷@x处理@y中国
606 0  @a医疗事故
606 0  @a民事纠纷
690    @aD922.164@v4
690    @aD925.104@v4
701  0 @a赵敏@Azhao min@c(女,@f1970~)@4主编
701  0 @a邓虹@Adeng hong@c(医学)@4主编
801  0 @aCN@bNLC@c20101222
905    @a10447@dD922.164@eJY107
    
    医疗事故争议与法律处理/赵敏,邓虹主编.-武汉:武汉大学出版社,2007
    378页;23cm
    
    
    ISBN 978-7-307-05348-9:CNY27.00
    全书系统论述了医疗事故争议的概念及基本理论,医疗事故争议的成因及法律处理历史沿革,医疗法律关系,医患双方的权利与义务,医疗事故争议的民事责任、赔偿制度、法律处理、民事诉讼、行政及刑事责任,医疗事故争议处理的技术鉴定制度、证据制度,以及医疗事故争议的防范、典型案例评析等方面的内容。
●
相关链接 在E读中查询图书 在五车中查询图书 在当当中查询图书 在豆瓣中查询图书


正题名:医疗事故争议与法律处理     索取号:D922.164/JY107         预约/预借

序号 登录号 条形码 馆藏地/架位号 状态 备注
1 7813105   278131059   学院路分馆/ [索取号:D922.164/JY107] 在馆    
2 7813106   278131068   学院路分馆/ [索取号:D922.164/JY107] 在馆    
唐山师范学院图书馆 欢迎您!
大连网信软件有限公司© 版权所有